000 00262nam a22001217a 4500
008 170601b xxu||||| |||| 00| 0 eng d
041 _aeng
080 _a94(7/8)
100 _a17
101 _aSHH
245 _aTHE BLACK AMERICAN
_cFISHEL,L.H
942 _2udc
_cBK
999 _c15407
_d15407